|
|
|
|
| LEADER |
02955nam a2200721 ia4500 |
| 001 |
nkc20182999251 |
| 003 |
CZ PrNK |
| 005 |
20180720110424.0 |
| 007 |
ta |
| 008 |
180529s2017 xr ah f l 000 0 cze |
| 015 |
|
|
|a cnb002999251
|
| 020 |
|
|
|a 978-80-7502-248-6
|q (svazek I ;
|q vázáno)
|
| 020 |
|
|
|a 978-80-7502-266-0
|q (svazek II ;
|q vázáno)
|
| 035 |
|
|
|a (OCoLC)1043862159
|
| 040 |
|
|
|a ABA001
|b cze
|d OLA001
|e rda
|
| 041 |
0 |
|
|a cze
|b eng
|b ger
|
| 043 |
|
|
|a e-xr---
|b e-xr-mr
|2 czenas
|
| 045 |
|
|
|a t1u0
|
| 072 |
|
7 |
|a 342
|x Ústavní právo. Správní právo
|2 Konspekt
|9 16
|
| 080 |
|
|
|a 342.95:353.1
|2 MRF
|
| 080 |
|
|
|a 34(091)
|2 MRF
|
| 080 |
|
|
|a 34(094)
|2 MRF
|
| 080 |
|
|
|a (437.32)
|2 MRF
|
| 080 |
|
|
|a (094)
|2 MRF
|
| 080 |
|
|
|a (0.072)
|2 MRF
|
| 100 |
1 |
|
|a Janišová, Jana,
|d 1978-
|7 mzk2008473082
|4 cwt
|
| 245 |
1 |
0 |
|a Komentář k moravským zemským zřízením z let 1516-1604 /
|c Jana Janišová, Dalibor Janiš
|
| 250 |
|
|
|a Vydání první
|
| 264 |
|
1 |
|a Praha :
|b Leges,
|c 2017
|
| 300 |
|
|
|a 2 svazky (592; 703 stran) :
|b ilustrace, faksimile ;
|c 24 cm
|
| 336 |
|
|
|a text
|b txt
|2 rdacontent
|
| 337 |
|
|
|a bez média
|b n
|2 rdamedia
|
| 338 |
|
|
|a svazek
|b nc
|2 rdacarrier
|
| 490 |
1 |
|
|a Teoretik
|
| 504 |
|
|
|a Obsahuje bibliografie a bibliografické odkazy
|
| 505 |
0 |
|
|a svazek I. Články 1-74 -- svazek II. Články 75-190
|
| 546 |
|
|
|a Anglická a německá resumé
|
| 648 |
|
7 |
|a 16.-17. století
|7 ch757028
|2 czenas
|
| 648 |
|
4 |
|a 1516-1604
|
| 650 |
0 |
7 |
|a zemské právo
|7 ph637314
|z Česko
|y 16.-17. století
|2 czenas
|
| 650 |
0 |
7 |
|a právní dějiny
|7 ph164957
|z Česko
|y 16.-17. století
|2 czenas
|
| 650 |
0 |
7 |
|a prameny práva
|7 ph493977
|z Česko
|y 16.-17. století
|2 czenas
|
| 650 |
0 |
9 |
|a municipal law
|z Czechia
|y 16th-17th centuries
|2 eczenas
|
| 650 |
0 |
9 |
|a history of law
|z Czechia
|y 16th-17th centuries
|2 eczenas
|
| 650 |
0 |
9 |
|a sources of law
|z Czechia
|y 16th-17th centuries
|2 eczenas
|
| 651 |
|
7 |
|a Morava (Česko)
|7 ge130070
|2 czenas
|
| 651 |
|
9 |
|a Moravia (Czechia)
|2 eczenas
|
| 655 |
|
7 |
|a dokumenty
|7 fd132064
|2 czenas
|
| 655 |
|
7 |
|a komentáře
|7 fd132578
|2 czenas
|
| 655 |
|
9 |
|a documents
|2 eczenas
|
| 655 |
|
9 |
|a commentaries
|2 eczenas
|
| 700 |
1 |
|
|a Janiš, Dalibor,
|d 1973-
|7 mzk2006331760
|4 cwt
|
| 830 |
|
0 |
|a Teoretik
|0 s
|
| 910 |
2 |
|
|a BOA001
|b 2-1407.694
|s 1-2
|
| 920 |
|
|
|a nkc20182977614
|
| 920 |
|
|
|a nkc20182982371
|
| 990 |
|
|
|a BK
|
| 995 |
|
|
|a 01
|
| 991 |
|
|
|b 201806
|c NOV
|
| 996 |
6 |
|
|b 2610745864
|c 2-1407.694
|d Sv. I, články 1-74
|v 1
|l MZK
|r Sklad / do 1 hodiny
|n 1
|p p.v.
|w 001668243
|u 000010
|a 1
|e BOA001
|j MZK50
|s P
|
| 996 |
6 |
|
|b 2610745865
|c 2-1407.694
|d Sv. II, články 75-190
|v 2
|l MZK
|r Sklad / do 1 hodiny
|n 2
|p p.v.
|w 001668243
|u 000020
|a 1
|e BOA001
|j MZK50
|s P
|
| 996 |
7 |
|
|b 2610749776
|c 2-1407.694
|d Sv. I, články 1-74
|v 1
|l MZK
|r Sklad / do 1 hodiny
|n 3
|p kup
|w 001668243
|u 000030
|a 1
|e BOA001
|j MZK50
|s A
|
| 996 |
7 |
|
|b 2610749777
|c 2-1407.694
|d Sv. II, články 75-190
|v 2
|l MZK
|r Sklad / do 1 hodiny
|n 5
|p kup
|w 001668243
|u 000040
|a 1
|e BOA001
|j MZK50
|s A
|